000 00374nam a2200145Ia 4500
008 190516s9999 xx 000 0 und d
245 _aEating lots of fish in pregnancy linked to obesity risk for kids/
260 _bManila Bulletin
260 _c2017
300 _aJuly 14
440 _aManila Bulletin
650 _ahealth
650 _aobesity
650 _apregnancy
999 _c361869
_d361869